[Event "Challenge"]
[Site "http://www.queenalice.com/game.php?id=1094931"]
[Date "2012.8.20"]
[Round "-"]
[White "thais23"]
[Black "robsoncxi"]
[Result "1/2-1/2"]
[WhiteElo "1798"]
[BlackElo "1753"]

1. e4 e5 2. Nf3 Nc6 3. Bb5 Bc5 4. Bxc6 dxc6 5. Nc3 Bg4 6. h3 Bh5 7. g4 Bg6 8.
Qe2 Qd6 9. d3 Nf6 10. Be3 O-O-O 11. Qd2 h5 12. Bxc5 Qxc5 1/2-1/2

[Event "AUTO-INT-2413"]
[Site "http://www.queenalice.com/game.php?id=1095117"]
[Date "2012.8.20"]
[Round "1"]
[White "vult0"]
[Black "thais23"]
[Result "1-0"]
[WhiteElo "1816"]
[BlackElo "1791"]

1. e4 e5 2. Nf3 Nc6 3. Bb5 Nf6 4. d3 d6 5. Nbd2 Bd7 6. Nb3 a6 7. Bxc6 Bxc6 8.
O-O d5 9. Bg5 dxe4 10. dxe4 Qxd1 11. Raxd1 Be7 12. Rfe1 Bxe4 13. Bxf6 Bxc2 14.
Rc1 Bxb3 15. Bxe7 Bxa2 16. Rxe5 Be6 17. Rxc7 b5 18. Nd4 1-0

[Event "AUTO-INT-2413"]
[Site "http://www.queenalice.com/game.php?id=1095118"]
[Date "2012.8.20"]
[Round "1"]
[White "thais23"]
[Black "vult0"]
[Result "0-1"]
[WhiteElo "1733"]
[BlackElo "1859"]

1. e4 e5 2. Nf3 d6 3. Bc4 h6 4. c3 Qf6 5. h3 c6 6. d4 exd4 7. cxd4 Nd7 8. O-O
Nb6 9. Bb3 Ne7 10. e5 dxe5 11. dxe5 Qg6 12. Nc3 Nf5 13. Qd3 Be7 14. Re1 Be6 15.
Bxe6 Qxe6 16. Bf4 Nd7 17. Ne4 O-O-O 18. a3 g5 0-1

[Event "AUTO-INT-2413"]
[Site "http://www.queenalice.com/game.php?id=1095129"]
[Date "2012.8.20"]
[Round "1"]
[White "thais23"]
[Black "TITAN10"]
[Result "0-1"]
[WhiteElo "1721"]
[BlackElo "1804"]

1. e4 c5 2. Nf3 d6 3. d4 cxd4 4. Nxd4 Nc6 5. Nc3 e5 6. Nb3 Nf6 7. Bg5 h6 8. Bh4
Be7 9. Be2 O-O 10. Bxf6 Bxf6 11. O-O Be6 12. Bb5 a6 13. Bxc6 bxc6 14. Qd2 Qc7
15. Rfd1 Rfd8 16. f4 exf4 17. Qxf4 Be5 18. Qf2 d5 19. exd5 cxd5 20. Qc5 Rac8 21.
Re1 Bxc3 22. Qxc3 Qxc3 23. bxc3 Rxc3 24. Nd4 Re8 25. Rab1 Ra3 26. Rb2 Ra4 27. c3
g5 28. Rbe2 Rc4 29. Nxe6 fxe6 30. Rxe6 Ra8 31. Rxh6 Rxc3 32. Rg6+ Kf7 33. Rxg5
Rd8 34. Rf1+ Ke6 35. Rg6+ Ke5 36. Rxa6 d4 37. Ra5+ Ke4 38. h4 d3 39. Re1+ Kd4
40. Ra4+ Rc4 41. Rxc4+ Kxc4 42. Rd1 Re8 43. Kf2 Kc3 44. Re1 Ra8 45. Rd1 Kc2 46.
Rxd3 Kxd3 47. g4 Ke4 48. Kg3 Ra3+ 49. Kf2 Kf4 50. g5 Rxa2+ 51. Ke1 Kg4 52. g6
Kxh4 53. g7 Ra8 54. g8=Q Rxg8 55. Kd2 Rg3 56. Ke2 Kg4 57. Kf2 Ra3 58. Ke2 Kg3
59. Kd2 Kf2 60. Kc2 Ke2 61. Kb2 Rh3 62. Kc2 Rd3 63. Kb2 Kd2 64. Kb1 Rh3 0-1

[Event "AUTO-INT-2413"]
[Site "http://www.queenalice.com/game.php?id=1095130"]
[Date "2012.8.20"]
[Round "1"]
[White "TITAN10"]
[Black "thais23"]
[Result "0-1"]
[WhiteElo "1679"]
[BlackElo "1791"]

1. e4 e5 2. Nf3 Nc6 3. Bb5 a6 4. Ba4 b5 5. Bb3 Nf6 6. O-O Nxe4 7. Re1 Nc5 8.
Nxe5 Nxe5 9. Rxe5+ Be7 10. Qe1 d6 11. Re2 Nxb3 12. axb3 Bg4 13. f3 Be6 14. d3
O-O 15. Be3 Bf6 16. d4 c5 17. c3 Bxb3 18. Nd2 Bd5 19. Ne4 Re8 20. Bf2 cxd4 21.
cxd4 Bxe4 22. fxe4 Re7 23. e5 dxe5 24. dxe5 Bg5 25. Bg3 Qd4+ 26. Kh1 f6 27. Bf2
Qd5 28. Rd1 Qe6 29. exf6 Qxf6 30. Rxe7 Qxe7 31. Qxe7 Bxe7 32. Rd7 Bf6 33. b3 a5
34. g3 a4 35. bxa4 bxa4 36. Rd2 a3 37. Ra2 Ra4 38. Kg2 Kf7 39. Kf3 Ke6 40. Ke2
Kd5 41. Kd2 Kc4 42. Be1 Kb3 0-1

[Event "AUTO-OPEN-2770"]
[Site "http://www.queenalice.com/game.php?id=1095153"]
[Date "2012.8.20"]
[Round "1"]
[White "Warrior"]
[Black "thais23"]
[Result "1-0"]
[WhiteElo "2137"]
[BlackElo "1721"]

1. e4 e5 2. f4 exf4 3. Nf3 g5 4. h4 g4 5. Ne5 Qe7 6. Nxg4 Qxe4+ 7. Qe2 Qxe2+ 8.
Bxe2 d5 9. d4 Bxg4 10. Bxg4 Nf6 11. Bf3 Nc6 12. c3 Bd6 13. Nd2 O-O-O 14. O-O
Rhg8 15. b4 Rde8 16. a4 a6 17. b5 Ne7 18. bxa6 bxa6 19. Ba3 Nf5 20. Bxd6 1-0

[Event "AUTO-OPEN-2770"]
[Site "http://www.queenalice.com/game.php?id=1095154"]
[Date "2012.8.20"]
[Round "1"]
[White "thais23"]
[Black "Warrior"]
[Result "0-1"]
[WhiteElo "1756"]
[BlackElo "2122"]

1. e4 Nc6 2. d4 d6 3. Nf3 Bg4 4. d5 Ne5 5. Be2 Nxf3+ 6. Bxf3 Bxf3 7. Qxf3 Nf6 8.
O-O g6 9. c3 Bg7 10. Nd2 Nd7 11. Nc4 O-O 12. Bf4 Ne5 13. Qe3 Nxc4 14. Qc1 Ne5
15. Bh6 Nd3 16. Bxg7 Nxc1 17. Bxf8 Ne2+ 18. Kh1 Kxf8 19. g3 Qd7 20. Rfe1 Qg4 0-1

[Event "AUTO-OPEN-2770"]
[Site "http://www.queenalice.com/game.php?id=1095179"]
[Date "2012.8.20"]
[Round "1"]
[White "thais23"]
[Black "arthurgomes"]
[Result "0-1"]
[WhiteElo "1754"]
[BlackElo "1955"]

1. e4 e5 2. Nf3 Nc6 3. Bc4 Be7 4. c3 Nf6 5. d3 h6 6. Be3 d6 7. h3 a6 8. a3 b5 9.
Ba2 O-O 10. d4 Nxe4 11. Bd5 Nxf2 12. Bxf2 Bb7 13. O-O Na5 14. Bxb7 Nxb7 15. Nbd2
exd4 16. cxd4 Na5 17. Re1 Bf6 18. Rb1 d5 19. Ne5 Nc4 20. Ndxc4 dxc4 21. b3 Qd5
22. Nf3 c3 23. Re3 c5 24. Rxc3 Rac8 25. Ne5 cxd4 26. Bxd4 Bxe5 27. Bxe5 Qxe5 28.
Rxc8 Rxc8 29. Qd7 Qc5+ 30. Kh1 Rc7 31. Qe8+ Kh7 32. b4 Qc2 33. Re1 Qg6 34. a4
bxa4 35. Qxa4 Rc2 36. Rg1 Rc6 0-1

[Event "AUTO-OPEN-2770"]
[Site "http://www.queenalice.com/game.php?id=1095181"]
[Date "2012.8.20"]
[Round "1"]
[White "thais23"]
[Black "TITAN10"]
[Result "1/2-1/2"]
[WhiteElo "1796"]
[BlackElo "1720"]

1. e4 c6 2. Nf3 d5 3. exd5 cxd5 4. d4 a6 5. Nc3 Bg4 6. h3 Bh5 7. Nxd5 Qxd5 8. g4
Bg6 9. Bg2 Qd6 10. Nh4 Nc6 11. c3 e6 12. Bd2 Be7 13. Nxg6 hxg6 14. Qe2 Nf6 15.
O-O-O Rc8 16. Bg5 Qc7 17. Bxf6 Bxf6 18. d5 Nb4 19. d6 Qd7 20. Kb1 Nd5 21. Bxd5
O-O 22. Bg2 Rfe8 23. Qf3 Rb8 24. Qe3 Red8 25. Qc5 Rbc8 26. Qb6 Qb5 27. Qxb7 Qxb7
28. Bxb7 Rb8 29. Bxa6 Bxc3 30. Rd3 Rxb2+ 31. Kc1 Be5 32. Rhd1 Rxa2 33. Bc4 Ra1+
34. Kc2 Rxd1 35. Rxd1 Rxd6 36. Rxd6 Bxd6 37. Kd3 Kf8 38. Ke3 Ke7 39. g5 f5 40.
gxf6+ gxf6 41. f4 e5 42. fxe5 Bxe5 43. Kf3 g5 44. Kg4 Kd6 45. h4 gxh4 46. Kxh4
Kc5 47. Bd3 Kd4 1/2-1/2

[Event "AUTO-OPEN-2770"]
[Site "http://www.queenalice.com/game.php?id=1095182"]
[Date "2012.8.20"]
[Round "1"]
[White "TITAN10"]
[Black "thais23"]
[Result "0-1"]
[WhiteElo "1727"]
[BlackElo "1765"]

1. e4 e5 2. Nf3 Nc6 3. Bb5 a6 4. Ba4 b5 5. Bb3 Nf6 6. O-O Bc5 7. c3 Nxe4 8. Qe2
d5 9. d3 Nf6 10. Nxe5 Nxe5 11. Qxe5+ Be6 12. Bg5 Be7 13. Nd2 O-O 14. Rfe1 c5 15.
f4 c4 16. Bc2 Rb8 17. a3 h6 18. Bxf6 Bxf6 19. Qe2 Bf5 20. Nf3 Re8 21. Qf2 cxd3
22. Rxe8+ Qxe8 23. Re1 dxc2 24. Rxe8+ Rxe8 25. Qf1 Re2 26. Nd4 Bxd4+ 27. cxd4
Be4 0-1

[Event "AUTO-ADV-2613"]
[Site "http://www.queenalice.com/game.php?id=1100957"]
[Date "2012.9.8"]
[Round "1"]
[White "gingalmesh"]
[Black "thais23"]
[Result "1-0"]
[WhiteElo "1775"]
[BlackElo "1706"]

1. e4 e5 2. Nf3 Nc6 3. c3 Nf6 4. Bc4 Nxe4 5. d3 Nf6 6. Qb3 d5 7. Bb5 Bd6 8. Bg5
e4 9. Nd4 Bd7 10. Bxf6 Qxf6 11. Qxd5 exd3 12. Nxc6 bxc6 13. Bxc6 Qe7+ 14. Qe4
Qxe4+ 15. Bxe4 Rb8 16. b3 Bb5 17. Nd2 Rd8 18. a4 Ba6 19. Bc6+ 1-0

[Event "AUTO-ADV-2613"]
[Site "http://www.queenalice.com/game.php?id=1100958"]
[Date "2012.9.8"]
[Round "1"]
[White "thais23"]
[Black "gingalmesh"]
[Result "0-1"]
[WhiteElo "1693"]
[BlackElo "1788"]

1. e4 c5 2. Nf3 a6 3. d4 cxd4 4. Nxd4 e5 5. Nf3 Nc6 6. Be2 Bc5 7. O-O Nge7 8. c4
d6 9. Nc3 Bg4 10. Be3 Bxf3 11. Bxf3 b5 12. Bxc5 dxc5 13. Qxd8+ Rxd8 14. cxb5
axb5 15. Nxb5 O-O 16. Rac1 Rd2 0-1

[Event "AUTO-ADV-2613"]
[Site "http://www.queenalice.com/game.php?id=1100973"]
[Date "2012.9.8"]
[Round "1"]
[White "favazza2007"]
[Black "thais23"]
[Result "1-0"]
[WhiteElo "1856"]
[BlackElo "1745"]

1. c4 e5 2. Nc3 f5 3. g3 Nf6 4. Bg2 c5 5. d3 Nc6 6. Bg5 Be7 7. Bxf6 Bxf6 8. Nf3
O-O 9. O-O d6 10. Nd5 Be6 11. e4 fxe4 12. dxe4 Bg4 13. h3 Bh5 14. g4 Bg6 15. Nh2
Nd4 16. f3 h6 17. Rf2 Bf7 18. Nf1 1-0

[Event "AUTO-ADV-2613"]
[Site "http://www.queenalice.com/game.php?id=1100974"]
[Date "2012.9.8"]
[Round "1"]
[White "thais23"]
[Black "favazza2007"]
[Result "0-1"]
[WhiteElo "1772"]
[BlackElo "1856"]

1. e4 d5 2. exd5 Nf6 3. c4 e6 4. Qe2 Be7 5. dxe6 Bxe6 6. Nc3 Nc6 7. Nf3 O-O 8.
d3 Bb4 9. Bd2 Nd4 10. Nxd4 Qxd4 11. g3 Rae8 12. Qf3 Bg4+ 13. Qe3 Rxe3+ 14. Bxe3
Bxc3+ 15. bxc3 Qxc3+ 16. Bd2 Qxa1+ 17. Bc1 Qxc1# 0-1

[Event "AUTO-ADV-2613"]
[Site "http://www.queenalice.com/game.php?id=1100985"]
[Date "2012.9.8"]
[Round "1"]
[White "thais23"]
[Black "thewhitebishop"]
[Result "0-1"]
[WhiteElo "1708"]
[BlackElo "2069"]

1. e4 Nf6 2. e5 Nd5 3. Nf3 e6 4. d4 c5 5. c3 cxd4 6. cxd4 Bb4+ 7. Bd2 a5 8. Bc4
O-O 9. O-O Nc6 10. Bxd5 exd5 11. Nc3 d6 12. Nxd5 Bxd2 13. Qxd2 Be6 14. Nf4 Bc4
15. Rfe1 d5 16. b3 Ba6 17. a3 Qb6 18. Nxd5 Qxb3 0-1

[Event "AUTO-ADV-2613"]
[Site "http://www.queenalice.com/game.php?id=1100986"]
[Date "2012.9.8"]
[Round "1"]
[White "thewhitebishop"]
[Black "thais23"]
[Result "1-0"]
[WhiteElo "2020"]
[BlackElo "1810"]

1. d4 d5 2. c4 c6 3. Nc3 Nf6 4. Bg5 e6 5. e3 Bb4 6. cxd5 Bxc3+ 7. bxc3 cxd5 8.
Bd3 O-O 9. Qc2 g6 10. Nf3 Nc6 11. Ne5 Kg7 12. Ng4 Kg8 13. Bxf6 Qd6 14. Nh6# 1-0